Diccionario de Términos Bancarios/ (Registro nro. 9730)

Detalles MARC
000 -LEADER
fixed length control field 01000nam a2200193Ia 4500
005 - FECHA Y HORA DE LA ÚLTIMA TRANSACCIÓN
control field 20231012134809.0
008 - FIXED-LENGTH DATA ELEMENTS--GENERAL INFORMATION
fixed length control field 231011s9999 xx 000 0 und d
020 ## - INTERNATIONAL STANDARD BOOK NUMBER
International Standard Book Number 84-283-2119-1
040 ## - CATALOGING SOURCE
Original cataloging agency UPAN
Transcribing agency Biblioteca San Vicente
Description conventions RCAA2
041 ## - LANGUAGE CODE
Language code of text/sound track or separate title spa
082 ## - DEWEY DECIMAL CLASSIFICATION NUMBER
Classification number 332.103
Item number I59d
año de publicación 1994
110 ## - MAIN ENTRY--CORPORATE NAME
Corporate name or jurisdiction name as entry element Instituto de Banca
Relator code aut.
245 #0 - TITLE STATEMENT
Title Diccionario de Términos Bancarios/
Statement of responsibility, etc Instituto de la banca
260 ## - PUBLICATION, DISTRIBUTION, ETC. (IMPRINT)
Place of publication, distribution, etc España:
Name of publisher, distributor, etc Paraninfo,
Date of publication, distribution, etc 1994
300 ## - PHYSICAL DESCRIPTION
Extent 171 p.;
Dimensions 21 cm.
505 ## - FORMATTED CONTENTS NOTE
Formatted contents note Con el uso de diccionarios de la lengua, no siempre se consigue la suficiente claridad. El propòsito de este Diccionario de tèrminos bancarios es precisamente contribuir a resolver este tipo de dificultades. Se ha recopilado la terminologia de uso habital en la banca, cuidando las palabras que implican nuevos conceptos, y aquellas expresiones o tèrminos que por su naturaleza, etimologia y uso en distintos medios, pueden presentarse a confunsiòn.
650 ## - SUBJECT ADDED ENTRY--TOPICAL TERM
Form subdivision Diccionario
General subdivision Bancos
942 ## - ADDED ENTRY ELEMENTS (KOHA)
Koha item type Libros
Source of classification or shelving scheme Dewey Decimal Classification
Existencias
Withdrawn status Lost status Source of classification or shelving scheme Damaged status Not for loan Collection code Home library Current library Date acquired Total Checkouts Full call number Barcode Date last seen Copy number Price effective from Koha item type
    Dewey Decimal Classification     Referencia Biblioteca UPAN San Vicente Biblioteca UPAN San Vicente 12/10/2023   332.103 I59d 12002025 12/10/2023 01 12/10/2023 Libros
    Dewey Decimal Classification     Referencia Biblioteca UPAN San Vicente Biblioteca UPAN San Vicente 12/10/2023   332.103 I59d 12002026 12/10/2023 02 12/10/2023 Libros
    Dewey Decimal Classification     Colección General Biblioteca UPAN San Vicente Biblioteca UPAN San Vicente 12/10/2023   332.103 I59d 12002027 12/10/2023 03 12/10/2023 Libros